Deutsche Städte, die auf -ingen enden - #2 - Statistiken

Allgemein
  • Dieses Quiz wurde 23 mal gespielt
  • Das Durchschnittsergebnis liegt bei 6 aus 23
Antwortstatistiken
BL Einwohner Stadt % Korrekt
NI 127.259 Göttingen
75%
BW 96.182 Esslingen am Neckar
60%
BW 89.756 Villingen-Schwenningen
55%
BW 61.422 Sindelfingen
45%
BW 47.621 Singen (Hohentwiel)
45%
BW 35.623 Balingen
40%
BW 57.313 Waiblingen
35%
SL 40.952 Völklingen
30%
BW 22.735 Überlingen
25%
BW 38.578 Ettlingen
20%
BW 23.178 Metzingen
20%
BW 27.791 Geislingen an der Steige
15%
NW 53.044 Hattingen
15%
TH 25.002 Meiningen
15%
BW 28.798 Vaihingen an der Enz
15%
BW 43.556 Bietigheim-Bissingen
10%
BW 22.666 Eppingen
10%
BW 21.751 Mössingen
10%
BW 22.325 Eislingen
5%
BY 20.352 Nördlingen
5%
BW 25.673 Öhringen
5%
BW 21.767 Schwetzingen
5%
NI 21.127 Westoverledingen
0%
Keine übereinstimmenden Quizze gefunden
Verteilung der Resultate
Anzahl Personen mit jedem Resultat
Perzentil nach korrekt beantworteten Fragen
Ihre Resultats-Entwicklung
Sie haben dieses Quiz noch nicht gespielt